[Event "CZE-chT2F 1516"]
[Site "Czech Republic"]
[Date "2016.03.13"]
[Round "9.68"]
[White "Valickova, Martina"]
[Black "Beran, Petr"]
[Result "0-1"]
[WhiteElo "1970"]
[BlackElo "2041"]
[PlyCount "144"]
[EventDate "2015.10.18"]
[EventType "team-tourn"]
[EventRounds "11"]
[EventCountry "CZE"]
[SourceTitle "EXT 2022"]
[Source "ChessBase"]
[SourceDate "2021.10.06"]
[SourceVersion "1"]
[SourceVersionDate "2021.10.06"]
[SourceQuality "1"]
[WhiteTeam "Trinec II"]
[BlackTeam "Havirov Slovan"]
[WhiteTeamCountry "CZE"]
[BlackTeamCountry "CZE"]

1. e4 c6 2. d4 d5 3. Nd2 dxe4 4. Nxe4 Nf6 5. Nxf6+ exf6 6. c3 Bd6 7. Bd3 0-0 8. Ne2 Re8 9. Qc2 h6 10. 0-0 Qc7 11. Ng3 Bg4 12. h3 Bxh3 13. Nf5 Bxf5 14. Bxf5 Nd7 15. Be3 Nf8 16. Qd2 g6 17. Bc2 h5 18. c4 Rad8 19. Qc3 Kg7 20. b4 Bf4 21. a4 Ne6 22. a5 Ng5 23. Rae1 h4 24. Qd2 Bxe3 25. Rxe3 Qf4 26. Rd3 Qxd2 27. Rxd2 h3 28. Ba4 hxg2 29. Kxg2 Re4 30. f4 Ne6 31. a6 b5 32. cxb5 cxb5 33. Bxb5 Rdxd4 34. Rxd4 Rxd4 35. Kg3 Rxb4 36. Bd7 Nc5 37. Bc8 Rb8 38. Bh3 Rb3+ 39. Kh2 Nxa6 40. Ra1 Nc5 41. Rxa7 f5 42. Bg2 Rd3 43. Rc7 Ne6 44. Rc4 Rd4 45. Rxd4 Nxd4 46. Kg3 f6 47. Bb7 g5 48. Bc8 Kg6 49. Kf2 Nb5 50. Bd7 Nd6 51. Be6 Kh5 52. Kg3 Ne4+ 53. Kf3 Nd6 54. Kg3 Kg6 55. Kf3 Ne8 56. Bd7 Ng7 57. Ke3 Nh5 58. Be8+ Kh6 59. Bd7 Nxf4 60. Bxf5 Kh5 61. Kf3 Kh4 62. Bd7 Nh5 63. Be6 Ng7 64. Bd7 f5 65. Bc6 Ne6 66. Bd7 g4+ 67. Ke3 f4+ 68. Kf2 Nc5 69. Bc8 Kh3 70. Kg1 Kg3 71. Bf5 f3 72. Bb1 Nb3 0-1

[Event "CZE-chT2F 1516"]
[Site "Czech Republic"]
[Date "2015.11.22"]
[Round "3.38"]
[White "Valickova, Martina"]
[Black "Gibiec, Ernest"]
[Result "0-1"]
[WhiteElo "1970"]
[BlackElo "2129"]
[PlyCount "98"]
[EventDate "2015.10.18"]
[EventType "team-tourn"]
[EventRounds "11"]
[EventCountry "CZE"]
[SourceTitle "EXT 2022"]
[Source "ChessBase"]
[SourceDate "2021.10.06"]
[SourceVersion "1"]
[SourceVersionDate "2021.10.06"]
[SourceQuality "1"]
[WhiteTeam "Trinec II"]
[BlackTeam "Cesky Tesin"]
[WhiteTeamCountry "CZE"]
[BlackTeamCountry "CZE"]

1. e4 d6 2. d4 Nf6 3. Nc3 g6 4. f3 Bg7 5. Be3 Nc6 6. Qd2 e6 7. 0-0-0 Bd7 8. Bh6 Bxh6 9. Qxh6 Qe7 10. Bb5 0-0-0 11. Nge2 a6 12. Ba4 Na5 13. Bxd7+ Nxd7 14. d5 Nb6 15. Nd4 Rde8 16. Nb3 Nac4 17. Nd2 Qf6 18. Nxc4 Nxc4 19. Kb1 Na3+ 20. Kc1 Nc4 21. Kb1 exd5 22. Rxd5 b5 23. h4 Nxb2 24. Kxb2 b4 25. Rd3 Kd7 26. Qg5 bxc3+ 27. Ka3 Qxg5 28. hxg5 Re5 29. Rxc3 Rxg5 30. g4 h5 31. gxh5 Rhxh5 32. Rd1 Rb5 33. f4 Ra5+ 34. Kb2 Rhb5+ 35. Rb3 Ra4 36. Re1 Ke6 37. Rxb5 axb5 38. Kb3 Rc4 39. Re3 c5 40. c3 Ra4 41. Re2 Ra8 42. Rd2 Rh8 43. a4 bxa4+ 44. Kxa4 Rb8 45. f5+ gxf5 46. exf5+ Ke5 47. Ka5 d5 48. Ka4 c4 49. Rf2 f6 0-1

[Event "CZE/SVK-chT (Women)"]
[Site "Ricany"]
[Date "2015.06.30"]
[Round "6"]
[White "Valickova, Martina"]
[Black "Kubikova, Hana"]
[Result "1/2-1/2"]
[WhiteElo "1990"]
[BlackElo "2118"]
[PlyCount "90"]
[EventDate "2015.06.27"]
[EventType "team-tourn"]
[EventRounds "7"]
[EventCountry "CZE"]
[SourceTitle "EXT 2017"]
[Source "ChessBase"]
[SourceDate "2016.10.25"]
[SourceVersion "1"]
[SourceVersionDate "2016.10.25"]
[SourceQuality "1"]

1. e4 c5 2. Nf3 e6 3. b3 b6 4. c4 Bb7 5. Nc3 Nc6 6. Bb2 d6 7. d4 cxd4 8. Nxd4 Nf6 9. Be2 Be7 10. 0-0 0-0 11. Qd2 a6 12. Rfd1 Qc7 13. Rac1 Qb8 14. Qe3 Nxd4 15. Qxd4 Bc6 16. Rd3 e5 17. Qe3 Qb7 18. f3 b5 19. Rdd1 Rfc8 20. Kh1 h6 21. Qf2 b4 22. Nd5 Nxd5 23. cxd5 Bd7 24. Rxc8+ Rxc8 25. Rc1 Rxc1+ 26. Bxc1 Bg5 27. Bxg5 hxg5 28. Qe3 f6 29. Qc1 a5 30. Kg1 Kf8 31. Kf1 Ke7 32. Bd3 Qb6 33. Ke2 Kd8 34. Qe3 Qc7 35. Bc4 a4 36. Qd2 Qc5 37. Qe3 Qa5 38. Qd3 Qb6 39. Qe3 Kc7 40. Kd2 Qa5 41. Qd3 Qc5 42. Qe3 Kb6 43. Qxc5+ Kxc5 44. Kd3 axb3 45. axb3 Bc8 1/2-1/2

[Event "CZE-chT2A 1415"]
[Site "Czech Republic"]
[Date "2014.11.02"]
[Round "1.8"]
[White "Valickova, Martina"]
[Black "Petras, Milan"]
[Result "1/2-1/2"]
[WhiteElo "2026"]
[BlackElo "1978"]
[PlyCount "36"]
[EventDate "2014.11.02"]
[EventType "team-tourn"]
[EventRounds "11"]
[EventCountry "CZE"]
[SourceTitle "EXT 2022"]
[Source "ChessBase"]
[SourceDate "2021.10.06"]
[SourceVersion "1"]
[SourceVersionDate "2021.10.06"]
[SourceQuality "1"]
[WhiteTeam "Tachov"]
[BlackTeam "Praha Vrsovice"]
[WhiteTeamCountry "CZE"]
[BlackTeamCountry "CZE"]

1. e4 e6 2. d4 d5 3. exd5 exd5 4. Bd3 Bd6 5. Qf3 c6 6. Ne2 Qf6 7. Bf4 Nh6 8. Qe3+ Be7 9. Be5 Qg5 10. Qxg5 Bxg5 11. Bxg7 Rg8 12. Be5 Bf5 13. Bxf5 Nxf5 14. Nbc3 Nd7 15. Ng3 Nh4 16. 0-0 Nxe5 17. dxe5 Bf4 18. Rad1 0-0-0 1/2-1/2

[Event "CZE-chT2F 1314"]
[Site "Czech Republic"]
[Date "2013.12.01"]
[Round "1.65"]
[White "Strasil, Pavel"]
[Black "Valickova, Martina"]
[Result "1-0"]
[WhiteElo "2121"]
[BlackElo "2038"]
[PlyCount "119"]
[EventDate "2013.11.03"]
[EventType "team-tourn"]
[EventRounds "11"]
[EventCountry "CZE"]
[SourceTitle "EXT 2016"]
[Source "ChessBase"]
[SourceDate "2015.10.08"]
[SourceVersion "1"]
[SourceVersionDate "2015.10.08"]
[SourceQuality "1"]
[WhiteTeam "Olomouc Garde"]
[BlackTeam "Trinec II"]
[WhiteTeamCountry "CZE"]
[BlackTeamCountry "CZE"]

1. c4 e5 2. Nc3 Nf6 3. g3 d5 4. cxd5 Nxd5 5. Bg2 Nb6 6. d3 Be7 7. Nf3 Nc6 8. 0-0 0-0 9. a3 Be6 10. b4 f6 11. Bb2 Qe8 12. Ne4 Qf7 13. Nfd2 Bd5 14. Rc1 a6 15. Nc4 Rfd8 16. Nxb6 cxb6 17. Nd2 Bxg2 18. Kxg2 Rd7 19. Qb3 b5 20. Qxf7+ Kxf7 21. Nb3 Rad8 22. Rc2 Ke6 23. Rfc1 Rd5 24. Bc3 Bf8 25. Bd2 Nd4 26. Nxd4+ Rxd4 27. Be3 R4d5 28. Bb6 R8d7 29. Rc8 Kf7 30. R1c7 Be7 31. Rxd7 Rxd7 32. Rc7 Rxc7 33. Bxc7 Ke6 34. e4 Kd7 35. Bb6 g6 36. Be3 Ke6 37. f3 Bd6 38. f4 h5 39. Kf3 Be7 40. d4 exd4 41. Bxd4 f5 42. h3 Bd8 43. g4 hxg4+ 44. hxg4 Bh4 45. exf5+ gxf5 46. g5 Be1 47. Ke2 Bg3 48. Be3 Kf7 49. Bd2 Kg6 50. Kf3 Bh4 51. Ke3 Kf7 52. Kd4 Ke6 53. Be3 Be1 54. Kc5 Bc3 55. Kb6 Bb2 56. Kxb7 Bxa3 57. Bd2 a5 58. bxa5 b4 59. a6 b3 60. Bc3 1-0

[Event "CZE-chT2F 1213"]
[Site "Czech Republic"]
[Date "2013.02.17"]
[Round "9.64"]
[White "Valickova, Martina"]
[Black "Hrbacek, Miroslav"]
[Result "1-0"]
[WhiteElo "2064"]
[BlackElo "1996"]
[PlyCount "135"]
[EventDate "2012.10.14"]
[EventType "team-tourn"]
[EventRounds "11"]
[EventCountry "CZE"]
[SourceTitle "EXT 2016"]
[Source "ChessBase"]
[SourceDate "2015.10.08"]
[SourceVersion "1"]
[SourceVersionDate "2015.10.08"]
[SourceQuality "1"]
[WhiteTeam "Trinec II"]
[BlackTeam "Albrechtice"]
[WhiteTeamCountry "CZE"]
[BlackTeamCountry "CZE"]

1. e4 c5 2. Nf3 Nc6 3. Nc3 d6 4. d4 cxd4 5. Nxd4 Nf6 6. Be2 e5 7. Nf3 Be7 8. 0-0 0-0 9. Re1 Be6 10. Bb5 a6 11. Ba4 Bg4 12. Qd3 Bxf3 13. Qxf3 Nd4 14. Qd3 Rc8 15. Be3 b5 16. Bb3 b4 17. Bxd4 exd4 18. Ne2 Ng4 19. Nxd4 Qb6 20. Rad1 Bf6 21. h3 Ne5 22. Qg3 Ng6 23. Nf5 Be5 24. Qf3 Rcd8 25. h4 Qc7 26. Qg4 Kh8 27. Rd5 f6 28. g3 Bxb2 29. f4 Rfe8 30. h5 Nf8 31. Red1 Rxe4 32. Nxd6 Rxd6 33. Rxd6 Qc5+ 34. Kg2 f5 35. Qf3 h6 36. R6d5 Qc6 37. Kh3 Re8 38. Qd3 Bf6 39. Rd6 Qc8 40. Qd5 Nh7 41. Rd7 Rf8 42. Qe6 a5 43. Rf7 Re8 44. Qxc8 Rxc8 45. Ra7 Bc3 46. Rxa5 Nf6 47. Rxf5 Re8 48. Bf7 Ra8 49. Rb5 Rf8 50. Bg6 Rc8 51. Rb6 Ng8 52. Rbd6 Bf6 53. Rb6 Bc3 54. Rb7 Nf6 55. Ra7 Rf8 56. a3 bxa3 57. Rxa3 Bb4 58. Rad3 Be7 59. c4 Rc8 60. c5 Kg8 61. c6 Kf8 62. Rc1 Rc7 63. Rb3 Rc8 64. c7 Ne8 65. Rb8 Nd6 66. Rd1 Bf6 67. Rxd6 Rxb8 68. cxb8Q+ 1-0

[Event "CZE-chT2F 1213"]
[Site "Czech Republic"]
[Date "2012.12.03"]
[Round "4.43"]
[White "Valickova, Martina"]
[Black "Kolar, Stanislav"]
[Result "1/2-1/2"]
[WhiteElo "2064"]
[BlackElo "2140"]
[PlyCount "116"]
[EventDate "2012.10.14"]
[EventType "team-tourn"]
[EventRounds "11"]
[EventCountry "CZE"]
[SourceTitle "EXT 2016"]
[Source "ChessBase"]
[SourceDate "2015.10.08"]
[SourceVersion "1"]
[SourceVersionDate "2015.10.08"]
[SourceQuality "1"]
[WhiteTeam "Trinec II"]
[BlackTeam "Havirov Banik"]
[WhiteTeamCountry "CZE"]
[BlackTeamCountry "CZE"]

1. e4 c6 2. d4 d5 3. Nd2 dxe4 4. Nxe4 Nf6 5. Nxf6+ exf6 6. Bc4 Qe7+ 7. Qe2 Be6 8. Bxe6 Qxe6 9. Bf4 Na6 10. 0-0-0 0-0-0 11. Qxe6+ fxe6 12. Ne2 Bd6 13. Rhe1 Rhe8 14. c3 b5 15. Bxd6 Rxd6 16. Nf4 g5 17. Nd3 Red8 18. Kc2 Kd7 19. f3 Ke7 20. Nf2 Kf7 21. Nd3 Rd5 22. Nf2 h5 23. Ne4 h4 24. h3 Kg6 25. Nf2 Kf7 26. Rd3 c5 27. dxc5 Nxc5 28. Rxd5 Rxd5 29. Rd1 Rxd1 30. Nxd1 e5 31. Ne3 Ke6 32. b4 Nd7 33. c4 bxc4 34. Nxc4 Kd5 35. Kd3 f5 36. Ne3+ Ke6 37. a4 f4 38. Nc4 Kd5 39. Nd2 Nf6 40. a5 a6 41. Kc3 Kc6 42. Nc4 e4 43. fxe4 Nxe4+ 44. Kd4 Nf2 45. Ne5+ Kb5 46. Kc3 Nd1+ 47. Kb3 Ne3 48. Nf3 Kc6 49. Nxg5 Nxg2 50. Nf3 Kd5 51. b5 axb5 52. Kb4 Kc6 53. a6 Kb6 54. a7 Kxa7 55. Kxb5 Kb7 56. Kc5 Kc7 57. Kd4 Kd6 58. Ke4 Ke6 1/2-1/2

[Event "CZE-chT2F 1213"]
[Site "Czech Republic"]
[Date "2012.11.18"]
[Round "3.34"]
[White "Valickova, Martina"]
[Black "Mrva, Marek"]
[Result "1/2-1/2"]
[WhiteElo "2064"]
[BlackElo "2207"]
[PlyCount "28"]
[EventDate "2012.10.14"]
[EventType "team-tourn"]
[EventRounds "11"]
[EventCountry "CZE"]
[SourceTitle "EXT 2016"]
[Source "ChessBase"]
[SourceDate "2015.10.08"]
[SourceVersion "1"]
[SourceVersionDate "2015.10.08"]
[SourceQuality "1"]
[WhiteTeam "Trinec II"]
[BlackTeam "Ostrava TJ Nova Hut"]
[WhiteTeamCountry "CZE"]
[BlackTeamCountry "CZE"]

1. e4 d6 2. d4 Nf6 3. Nc3 e5 4. dxe5 dxe5 5. Qxd8+ Kxd8 6. Bg5 h6 7. 0-0-0+ Bd6 8. Bh4 g5 9. Bg3 Ke7 10. Bc4 Nc6 11. Nge2 Be6 12. Nd5+ Bxd5 13. Bxd5 Nxd5 14. Rxd5 Ke6 1/2-1/2

[Event "CZE-chT2F 1112"]
[Site "Czech Republic"]
[Date "2012.02.19"]
[Round "8.66"]
[White "Valickova, Martina"]
[Black "Hladik, Oto"]
[Result "1/2-1/2"]
[WhiteElo "2071"]
[BlackElo "2189"]
[PlyCount "57"]
[EventDate "2011.10.09"]
[EventType "team-tourn"]
[EventRounds "11"]
[EventCountry "CZE"]
[SourceTitle "EXT 2013"]
[Source "ChessBase"]
[SourceDate "2012.11.22"]
[SourceVersion "1"]
[SourceVersionDate "2012.11.22"]
[SourceQuality "1"]
[WhiteTeam "Trinec II"]
[BlackTeam "Ostrava Mittal"]
[WhiteTeamCountry "CZE"]
[BlackTeamCountry "CZE"]

1. e4 c5 2. Nf3 g6 3. Bc4 Bg7 4. c3 e6 5. Bb3 d5 6. exd5 exd5 7. d4 cxd4 8. Nxd4 Nc6 9. Be3 Nge7 10. 0-0 0-0 11. Na3 a6 12. Qd2 Na5 13. Bc2 b5 14. Rfe1 Qd7 15. Rad1 Bb7 16. Bh6 Rfe8 17. Bxg7 Kxg7 18. Re3 Nac6 19. Rh3 Ng8 20. Nf5+ Kh8 21. Nh6 Re7 22. Nxg8 Kxg8 23. Qh6 f5 24. Bb3 Na5 25. Re3 Rae8 26. Nc2 Nxb3 27. axb3 Rxe3 28. Nxe3 Re4 29. Qg5 1/2-1/2

[Event "CZE-chT2F 1011"]
[Site "Czech Republic"]
[Date "2011.01.23"]
[Round "6.4"]
[White "Hladik, Oto"]
[Black "Valickova, Martina"]
[Result "1-0"]
[WhiteElo "2191"]
[BlackElo "2086"]
[PlyCount "43"]
[EventDate "2010.10.17"]
[EventType "team-tourn"]
[EventRounds "11"]
[EventCountry "CZE"]
[SourceTitle "EXT 2012"]
[Source "ChessBase"]
[SourceDate "2011.11.24"]
[SourceVersion "1"]
[SourceVersionDate "2011.11.24"]
[SourceQuality "1"]
[WhiteTeam "Ostrava Mittal II"]
[BlackTeam "Trinec III"]
[WhiteTeamCountry "CZE"]
[BlackTeamCountry "CZE"]

1. e4 e5 2. Nf3 Nc6 3. Bb5 a6 4. Ba4 Nf6 5. d4 exd4 6. 0-0 Be7 7. e5 Ne4 8. Nxd4 Nxd4 9. Qxd4 Nc5 10. Nc3 Nxa4 11. Qxa4 0-0 12. Bf4 f6 13. Qc4+ Kh8 14. exf6 Bxf6 15. Bxc7 Qe8 16. Rad1 Qg6 17. Rd3 a5 18. Bxa5 Qf5 19. Bb6 Ra6 20. Nd5 Qe6 21. Qb4 Rg8 22. a4 1-0

[Event "CZE-chT2F 1011"]
[Site "Czech Republic"]
[Date "2010.11.07"]
[Round "2.2"]
[White "Valickova, Martina"]
[Black "Tomecek, Jan"]
[Result "1/2-1/2"]
[WhiteElo "2086"]
[BlackElo "2196"]
[PlyCount "34"]
[EventDate "2010.10.17"]
[EventType "team-tourn"]
[EventRounds "11"]
[EventCountry "CZE"]
[SourceTitle "EXT 2012"]
[Source "ChessBase"]
[SourceDate "2011.11.24"]
[SourceVersion "1"]
[SourceVersionDate "2011.11.24"]
[SourceQuality "1"]
[WhiteTeam "Trinec III"]
[BlackTeam "Havirov"]
[WhiteTeamCountry "CZE"]
[BlackTeamCountry "CZE"]

1. e4 e6 2. d4 d5 3. exd5 exd5 4. Bd3 Bd6 5. Qf3 c6 6. Ne2 Qf6 7. Bf4 Bxf4 8. Qxf4 Qxf4 9. Nxf4 Ne7 10. 0-0 Bf5 11. Re1 Bxd3 12. Nxd3 Nd7 13. Nd2 f6 14. Re2 Kf7 15. Rae1 Rhe8 16. c3 Nf5 17. f3 Nd6 1/2-1/2

[Event "CZE-ch"]
[Site "Ostrava"]
[Date "2010.05.09"]
[Round "8"]
[White "Malik, Jan"]
[Black "Valickova, Martina"]
[Result "1-0"]
[WhiteElo "2232"]
[BlackElo "2072"]
[PlyCount "89"]
[EventDate "2010.05.01"]
[EventType "swiss"]
[EventRounds "9"]
[EventCountry "CZE"]
[SourceTitle "CBM 136 Extra"]
[Source "ChessBase"]
[SourceDate "2010.07.02"]
[SourceVersion "2"]
[SourceVersionDate "2010.07.15"]
[SourceQuality "1"]

1. Nf3 Nf6 2. d4 d5 3. c4 c6 4. Nc3 dxc4 5. a4 Bf5 6. e3 e6 7. Bxc4 Bb4 8. 0-0 Nbd7 9. Qe2 Bg6 10. Rd1 Qa5 11. Na2 Bd6 12. Bd2 Qh5 13. Bb4 Bxb4 14. Nxb4 0-0 15. Nd3 Be4 16. Nf4 Bxf3 17. Qxf3 Qxf3 18. gxf3 e5 19. Ne2 Rfe8 20. a5 Kf8 21. Rdc1 Rac8 22. Ra3 exd4 23. Nxd4 Ne5 24. Be2 a6 25. Rb3 Rc7 26. f4 Ng6 27. Bf3 Rd8 28. Rd3 Rcd7 29. Rdc3 Nd5 30. Rb3 Nf6 31. Rb6 Rc7 32. Nb3 Nd7 33. Rb4 Ne7 34. e4 Nf6 35. Nc5 Rd2 36. Nxb7 Ng6 37. e5 Nh4 38. exf6 Nxf3+ 39. Kg2 Nh4+ 40. Kh3 Nf5 41. Nc5 gxf6 42. Rb8+ Kg7 43. Rg1+ Kh6 44. Ne4 Rd3+ 45. Kg4 1-0

[Event "CZE-ch"]
[Site "Ostrava"]
[Date "2010.05.09"]
[Round "9"]
[White "Valickova, Martina"]
[Black "Olsarova, Tereza"]
[Result "0-1"]
[WhiteElo "2072"]
[BlackElo "2269"]
[PlyCount "90"]
[EventDate "2010.05.01"]
[EventType "swiss"]
[EventRounds "9"]
[EventCountry "CZE"]
[SourceTitle "CBM 136 Extra"]
[Source "ChessBase"]
[SourceDate "2010.07.02"]
[SourceVersion "2"]
[SourceVersionDate "2010.07.15"]
[SourceQuality "1"]

1. e4 e5 2. Nf3 Nc6 3. d4 exd4 4. Nxd4 Nf6 5. Nc3 Bb4 6. Nxc6 bxc6 7. Bd3 d5 8. exd5 cxd5 9. 0-0 0-0 10. Bg5 c6 11. Qf3 Qd6 12. Bxf6 Qxf6 13. Qxf6 gxf6 14. Ne2 Rb8 15. Rab1 Re8 16. c3 Bd6 17. Ng3 Be5 18. Rfe1 Bd7 19. Nf5 c5 20. Kf1 Kf8 21. Re3 Bb5 22. Bxb5 Rxb5 23. Rd3 c4 24. Rh3 Kg8 25. Nh6+ Kg7 26. Nf5+ Kg6 27. Nh4+ Kg5 28. Nf3+ Kf4 29. Rh4+ Kf5 30. Nd4+ Bxd4 31. Rxd4 Reb8 32. Rbd1 Rxb2 33. Rxd5+ Kg6 34. R5d2 a5 35. Ke2 a4 36. Rxb2 Rxb2+ 37. Rd2 a3 38. Kd1 Rb1+ 39. Kc2 Ra1 40. Rd4 Rxa2+ 41. Kb1 Rxf2 42. Rxc4 a2+ 43. Ka1 Rxg2 44. Ra4 Rxh2 45. c4 Rc2 0-1

[Event "CZE-ch"]
[Site "Ostrava"]
[Date "2010.05.04"]
[Round "4"]
[White "Skliba, Martin"]
[Black "Valickova, Martina"]
[Result "1-0"]
[WhiteElo "2309"]
[BlackElo "2072"]
[PlyCount "37"]
[EventDate "2010.05.01"]
[EventType "swiss"]
[EventRounds "9"]
[EventCountry "CZE"]
[SourceTitle "CBM 136 Extra"]
[Source "ChessBase"]
[SourceDate "2010.07.02"]
[SourceVersion "2"]
[SourceVersionDate "2010.07.15"]
[SourceQuality "1"]

1. d4 Nf6 2. c4 e6 3. Nc3 Bb4 4. e3 Bxc3+ 5. bxc3 c5 6. Bd3 Nc6 7. Ne2 d6 8. 0-0 e5 9. d5 Ne7 10. Ng3 0-0 11. f4 exf4 12. exf4 Ng6 13. f5 Ne5 14. Bg5 b6 15. Ne4 Kh8 16. Qe1 Nxd3 17. Qh4 Qe7 18. Nxf6 h6 19. Bxh6 1-0

[Event "CZE-ch"]
[Site "Ostrava"]
[Date "2010.05.02"]
[Round "2"]
[White "Valickova, Martina"]
[Black "Biolek, Richard Jr"]
[Result "0-1"]
[WhiteElo "2072"]
[BlackElo "2405"]
[PlyCount "60"]
[EventDate "2010.05.01"]
[EventType "swiss"]
[EventRounds "9"]
[EventCountry "CZE"]
[SourceTitle "CBM 136 Extra"]
[Source "ChessBase"]
[SourceDate "2010.07.02"]
[SourceVersion "2"]
[SourceVersionDate "2010.07.15"]
[SourceQuality "1"]

1. e4 Nc6 2. Nf3 e5 3. d4 exd4 4. Nxd4 Nf6 5. Nc3 Bb4 6. Nxc6 bxc6 7. Bd3 d5 8. exd5 cxd5 9. 0-0 0-0 10. Bg5 c6 11. Qf3 Be7 12. Rae1 Rb8 13. Nd1 Rb4 14. h3 h6 15. Bd2 Rh4 16. Qg3 Nh5 17. Qf3 f5 18. Ne3 f4 19. Ng4 Bxg4 20. hxg4 Ng3 21. fxg3 Bc5+ 22. Be3 fxe3 23. gxh4 e2+ 24. Rf2 Bxf2+ 25. Qxf2 Rxf2 26. Kxf2 Qxh4+ 27. Kxe2 Qxg4+ 28. Kf2 Qf4+ 29. Kg1 Qd4+ 30. Kh1 Qh4+ 0-1

[Event "Moravia-Silesia Region-chT 0708"]
[Site "Czech Republic"]
[Date "2008.02.24"]
[Round "8.6"]
[White "Walowicz, David"]
[Black "Valickova, Martina"]
[Result "1-0"]
[WhiteElo "2090"]
[BlackElo "2012"]
[PlyCount "113"]
[EventDate "2007.10.28"]
[EventType "team-tourn"]
[EventRounds "11"]
[EventCountry "CZE"]
[SourceTitle "EXT 2024"]
[Source "ChessBase"]
[SourceDate "2023.10.10"]
[SourceVersion "1"]
[SourceVersionDate "2023.10.10"]
[SourceQuality "1"]

1. e4 e5 2. Nf3 Nc6 3. d4 exd4 4. Nxd4 Bc5 5. Nb3 Bb6 6. a4 Qf6 7. Qe2 a5 8. Nc3 Nb4 9. Nd5 Nxd5 10. exd5+ Ne7 11. h4 d6 12. Bg5 Qe5 13. Qxe5 dxe5 14. Bxe7 Kxe7 15. c4 Kd6 16. Bd3 Bd7 17. Rc1 Bc5 18. Nxc5 Kxc5 19. b3 e4 20. Be2 Rae8 21. Kd2 Re5 22. Rhe1 Rhe8 23. Bd1 h6 24. Rc3 g5 25. Rce3 f5 26. f3 Kd4 27. fxe4 Rxe4 28. Rd3+ Kc5 29. Rxe4 Rxe4 30. hxg5 hxg5 31. Rh3 Rd4+ 32. Kc1 Rh4 33. Rf3 f4 34. Bc2 Rh2 35. Rf2 Bh3 36. Be4 Kd4 37. Bf3 g4 38. Rd2+ Kc5 39. gxh3 Rxd2 40. Kxd2 gxh3 41. Kd3 Kb4 42. Kc2 b6 43. Bh1 Ka3 44. Kc3 h2 45. Be4 Ka2 46. b4 axb4+ 47. Kxb4 Kb2 48. c5 bxc5+ 49. Kxc5 Kc3 50. a5 Kd2 51. a6 Ke3 52. a7 Kxe4 53. a8Q h1Q 54. d6+ Ke3 55. Qxh1 cxd6+ 56. Kxd6 f3 57. Qf1 1-0

[Event "Zdar nad Sazavou Vysocina op-A 4th"]
[Site "Zdar nad Sazavou"]
[Date "2007.09.30"]
[Round "9"]
[White "Plasek, Zdenek"]
[Black "Valickova, Martina"]
[Result "1/2-1/2"]
[WhiteElo "2090"]
[BlackElo "2032"]
[PlyCount "58"]
[EventDate "2007.09.22"]
[EventType "swiss"]
[EventRounds "9"]
[EventCountry "CZE"]
[SourceTitle "CBM 120 Extra"]
[Source "ChessBase"]
[SourceDate "2007.11.01"]
[SourceVersion "1"]
[SourceVersionDate "2007.11.01"]
[SourceQuality "1"]

1. d4 d5 2. c4 c6 3. Nc3 Nf6 4. Nf3 dxc4 5. a4 Bf5 6. e3 e6 7. Bxc4 Bb4 8. 0-0 Nbd7 9. Bd2 0-0 10. Ne4 Bxd2 11. Nexd2 c5 12. a5 Rc8 13. h3 Qe7 14. Qa4 Rc7 15. Rfc1 Rfc8 16. Qa3 Ne4 17. Nxe4 Bxe4 18. Nd2 Bc6 19. Bf1 b6 20. Nb3 Bd5 21. Rc3 Qd8 22. dxc5 Nxc5 23. Nxc5 Rxc5 24. Rxc5 Rxc5 25. b4 Rc8 26. axb6 axb6 27. Rc1 Rxc1 28. Qxc1 g6 29. Qc3 Qd6 1/2-1/2

[Event "Karvina op"]
[Site "Karvina"]
[Date "2007.??.??"]
[Round "9"]
[White "Valickova, Martina"]
[Black "Blahut, Jaroslav"]
[Result "1-0"]
[WhiteElo "2032"]
[BlackElo "1861"]
[PlyCount "97"]
[EventDate "2007.07.??"]
[EventType "swiss"]
[EventRounds "9"]
[EventCountry "CZE"]
[SourceTitle "EXT 2010"]
[Source "ChessBase"]
[SourceDate "2010.11.25"]
[SourceVersion "1"]
[SourceVersionDate "2010.11.25"]
[SourceQuality "1"]

1. e4 e5 2. Nf3 Nc6 3. d4 exd4 4. Nxd4 Bc5 5. Be3 Qf6 6. c3 Bb6 7. Bc4 Nge7 8. 0-0 Ne5 9. Be2 d6 10. f4 N5c6 11. Na3 a6 12. Nc4 Ba7 13. e5 Qg6 14. Bh5 Qe4 15. exd6 Be6 16. Bf3 Qg6 17. Nxc6 Nxc6 18. Bxc6+ bxc6 19. Bxa7 Rxa7 20. Ne5 Qf5 21. Qd4 Rb7 22. d7+ Bxd7 23. Nxd7 f6 24. Rae1+ Kf7 25. Nc5 Rxb2 26. Ne6 Rg8 27. Rf2 Rbb8 28. Nc5 Rbd8 29. Qc4+ Kg6 30. Qe4 Rd5 31. Qxf5+ Kxf5 32. Nxa6 Rd3 33. Rc1 Ra8 34. Nb4 Rd6 35. Rf3 c5 36. Nd3 Rxa2 37. Nxc5 Rdd2 38. Rg3 Kxf4 39. Nb3 Rdb2 40. Nd4 Ke5 41. Nf3+ Ke6 42. Rxg7 h5 43. Ne1 Kf5 44. Rxc7 h4 45. Rh7 Kg4 46. Rg7+ Kf5 47. h3 Ra4 48. c4 Rbb4 49. Rg4 1-0

[Event "Karvina op"]
[Site "Karvina"]
[Date "2007.??.??"]
[Round "5"]
[White "Valickova, Martina"]
[Black "Kwiatkowski, Zygmunt"]
[Result "1-0"]
[WhiteElo "2032"]
[BlackElo "1631"]
[PlyCount "77"]
[EventDate "2007.07.??"]
[EventType "swiss"]
[EventRounds "9"]
[EventCountry "CZE"]
[SourceTitle "EXT 2010"]
[Source "ChessBase"]
[SourceDate "2010.11.25"]
[SourceVersion "1"]
[SourceVersionDate "2010.11.25"]
[SourceQuality "1"]

1. e4 c6 2. d4 d5 3. Nd2 dxe4 4. Nxe4 Nd7 5. Bc4 Ngf6 6. Ng5 e6 7. Ne2 Nb6 8. Bb3 h6 9. Nf3 Nbd5 10. 0-0 Bd6 11. c4 Ne7 12. Be3 0-0 13. Bc2 Ng4 14. Qd3 f5 15. Bf4 Qd7 16. Bxd6 Qxd6 17. h3 Nf6 18. Ne5 c5 19. f4 cxd4 20. Nxd4 Nd7 21. Nxd7 Qxd7 22. Rad1 Nc6 23. Qe3 Nxd4 24. Rxd4 Qc6 25. Rfd1 b6 26. Rd6 Qc7 27. Kh2 Rf6 28. b3 Qf7 29. Rd8+ Kh7 30. R1d2 Qe7 31. Bd1 Rf8 32. R8d6 Rb8 33. Bf3 Rd8 34. Bc6 Rf8 35. Bd7 Rf6 36. Qe5 Bxd7 37. Rxd7 Qb4 38. Qxf6 Rg8 39. Qxe6 1-0

[Event "Karvina op"]
[Site "Karvina"]
[Date "2007.??.??"]
[Round "3"]
[White "Valickova, Martina"]
[Black "Tretina, Zdenek"]
[Result "1/2-1/2"]
[WhiteElo "2032"]
[BlackElo "1865"]
[PlyCount "56"]
[EventDate "2007.07.??"]
[EventType "swiss"]
[EventRounds "9"]
[EventCountry "CZE"]
[SourceTitle "EXT 2010"]
[Source "ChessBase"]
[SourceDate "2010.11.25"]
[SourceVersion "1"]
[SourceVersionDate "2010.11.25"]
[SourceQuality "1"]

1. e4 c5 2. Nf3 d6 3. Bc4 e6 4. d3 Nf6 5. c3 a6 6. Bb3 b5 7. Nbd2 Bb7 8. 0-0 Be7 9. Re1 Nbd7 10. d4 c4 11. Bc2 Qc7 12. Nf1 0-0 13. h3 h6 14. N3h2 Rfe8 15. f4 e5 16. fxe5 dxe5 17. d5 Rad8 18. Qf3 Nh7 19. Ng3 Bg5 20. Rf1 f6 21. Nf5 Nc5 22. Qg3 Kh8 23. Bxg5 Nxg5 24. Rae1 Bc8 25. h4 Nh7 26. Ng4 Bxf5 27. Rxf5 Qa7 28. Kh1 Qe7 1/2-1/2